| 000 | 00549nam a22001937a 4500 | ||
|---|---|---|---|
| 008 | 230602b |||||||| |||| 00| 0 eng d | ||
| 040 |
_aNational Science Library _cNational Science Library |
||
| 080 |
_a616(213) _bK6 |
||
| 100 | 1 |
_aHunter, George W _910772 |
|
| 245 | _aManual of tropical medicine | ||
| 250 | _a4th ed. | ||
| 260 |
_aCalcutta: _bOxford & IBH Publishing Co, _c1966 |
||
| 300 |
_axxix, 931p. _eIllus. |
||
| 365 |
_b27.75 _cINR |
||
| 650 | _aMedicine | ||
| 653 | _aVirus disease | ||
| 700 | _aFrye, William W | ||
| 942 |
_2udc _cBK |
||
| 999 |
_c38673 _d38673 |
||